000 00297nam a2200121Ia 4500
008 190216s9999||||xx |||||||||||||| ||und||
100 _aOliver Gold Smith
245 0 _aShe Stoops To Conquer
260 _bMac Millian And Com. Ltd
_c1951
300 _a107p
650 _aEnglish Drama
942 _cBK
999 _c11630
_d11630